000 00846 a2200241 4500
001 28858
005 20260407155557.0
008 260407a1984 arg spa d
003 AR-UNSa-BCEJYS
040 _aAR-UNSa-BCEJYS
_bspa
_cAR-UNSa-BCEJYS
080 _a657
_xContabilidad
245 1 0 _aGuia de PCGA
_pun análisis de todos los principios de contabilidad generalmente aceptados que se encuentran vigente
020 _a950-537-084-X
264 1 _aBuenos Aires :
_bEdiciones Macchi
_c1984
300 _c23 cm.
505 _aParte I: Principios de contabilidad de aplicación general - Parte II: Principios de contabilidad especializados por industria
942 _cBK
590 _aniveau_biblio:m niveau_hierar:0
100 1 _aHolzmann, Oscar J.
700 1 _aMiller, Martin A.
700 1 _aBiondi, Mario
700 1 _aBarajas, Jorge
999 _c1744
_d1744